Dana Island : the greatest shipyard of the Ancient Mediterranean /
This book presents the archaeological discoveries from Dana Island, off the coast of Rough Cilicia in southern Turkey, where underwater investigations and surface survey undertaken in advance of excavation revealed nearly 300 ancient rock-cut slipways, the largest number of such naval installations...
مؤلفون آخرون:
التنسيق: كتاب الكتروني
اللغة: English
منشور في:
Oxford :
Archaeopress Archaeology,
2021.
الموضوعات:
الوصول للمادة أونلاين: Login to view Source
الوسوم: إضافة وسم
رقم الطلب: DR431
| LEADER | 01922nam a2200409 i 4500 | ||
|---|---|---|---|
| 001 | EDZ0002655522 | ||
| 003 | StDuBDS | ||
| 005 | 20230412183111.0 | ||
| 006 | m|||||o||d|||||||| | ||
| 007 | cr ||||||||||| | ||
| 008 | 210712s2021 enkab fo 000|0|eng|d | ||
| 020 | |a 9781789699524 (PDF ebook) : |c No price | ||
| 040 | |a StDuBDS |b eng |c StDuBDS |e rda |e pn | ||
| 050 | 4 | |a DR431 | |
| 082 | 0 | 4 | |a 956.46 |2 23 |
| 245 | 0 | 0 | |a Dana Island : |b the greatest shipyard of the Ancient Mediterranean / |c edited by Hakan Öniz ; English editor, T. Mikail P. Duggan. |
| 264 | 1 | |a Oxford : |b Archaeopress Archaeology, |c 2021. | |
| 300 | |a 1 online resource (xv, 209 pages) : |b illustrations (colour), maps (colour) | ||
| 336 | |a text |2 rdacontent | ||
| 336 | |a still image |2 rdacontent | ||
| 336 | |a cartographic image |2 rdacontent | ||
| 337 | |a computer |2 rdamedia | ||
| 338 | |a online resource |2 rdacarrier | ||
| 500 | |a Also issued in print: 2021. | ||
| 520 | 8 | |a This book presents the archaeological discoveries from Dana Island, off the coast of Rough Cilicia in southern Turkey, where underwater investigations and surface survey undertaken in advance of excavation revealed nearly 300 ancient rock-cut slipways, the largest number of such naval installations discovered to date. | |
| 521 | |a Specialized. | ||
| 588 | |a Description based on online resource; title from PDF title page (viewed on November 30, 2021). | ||
| 651 | 0 | |a Dana Island (Turkey) |x Antiquities. | |
| 651 | 0 | |a Dana Island (Turkey) |x History. | |
| 650 | 0 | |a Underwater archaeology |z Turkey. | |
| 650 | 0 | |a Shipbuilding |z Turkey |x History. | |
| 700 | 1 | |a Oniz, Hakan, |e editor. | |
| 776 | 0 | 8 | |i Print version : |z 9781789699517 |
| 856 | 4 | 0 | |3 Archaeopress |u http://library.arce.org:8087/Archaeopress/Products/9781789699517 |
| 942 | |2 lcc |c EBOOK | ||
| 952 | |0 0 |1 0 |4 0 |6 DR0431 |7 1 |9 46836 |a ARCH |b ARCH |d 2023-04-12 |l 0 |o DR431 |r 2023-04-12 00:00:00 |w 2023-04-12 |y EBOOK | ||
| 999 | |c 52494 |d 52494 | ||
